000
00318 a2200145 4500
001
74256
020
_a
857307599-9
040
_c
Anchieta - Colégio São Paulo
240
1
0
_a
Pedagogia diferenciada
_l
por
245
1
0
_a
Pedagogia diferenciada
300
_a
183
362
0
_a
2000
650
4
_a
Educação
942
_c
BK
999
_c
74256
_d
74256